000 00311 a2200157 4500
001 194780
040 _cMagnum
100 _aAzevedo, Aluísio de
240 1 0 _aO Cortiço
_lpor
245 1 0 _aO Cortiço
300 _a118
362 0 _a1997
440 1 _aÁtica
697 _aLITERATURA GERAL
942 _cBK
999 _c194780
_d194780